Puzzle - Pays d'Asie - Statistiques

Statistiques générales
  • Ce quiz a été pris 528 fois
  • Le résultat moyen est 17 sur 20
Statistiques - réponses
Pays % Correct
Afghanistan
98%
Kazakhstan
98%
Qatar
98%
Taïwan
98%
Géorgie
97%
Japon
97%
Népal
97%
Israël
96%
Chypre
95%
Irak
95%
Iran
95%
Chine
94%
Laos
94%
Inde
93%
Koweït
93%
Philippines
93%
Syrie
92%
Yémen
91%
Oman
90%
Bahreïn
89%
Viêt Nam
89%
Azerbaïdjan
88%
Kirghizistan
88%
Thaïlande
87%
Liban
86%
Tadjikistan
86%
Turkménistan
86%
Bhoutan
84%
Ouzbékistan
84%
Turquie
84%
Cambodge
83%
Mongolie
83%
Indonésie
82%
Jordanie
82%
Sri Lanka
82%
Bangladesh
80%
Brunei
79%
Pakistan
78%
Malaisie
77%
Arménie
75%
Corée du Sud
75%
Émirats arabes unis
73%
Birmanie
72%
Corée du Nord
69%
Singapour
65%
Arabie Saoudite
62%
Timor oriental
62%
Maldives
61%
Aucun quiz correspondant
Distribution des résultats
% des personnes avec chaque résultat
Percentile par nombre de réponses
Votre historique - résultats
Vous n’avez pas pris ce quiz